000 00477nam a2200181Ia 4500
001 16282
005 20260306170258.0
008 260306t2018||||xx |||||||||||||| ||und||
041 _aESP
082 _a347.51L
_bG312
100 _aGaceta Jurídica
_eAUT
245 0 _aLey general de sociedades:
_bestudios y comentarios a veinte años de su vigencia
260 _c2018
300 _a941 páginas :
_c25 cm.
650 _aGEN
654 _aCDE
942 _cLIB
_dJUS
_fJUS
_2ddc
_n
999 _c16282
_d16282